| 000 | 01002nam a22002177a 4500 | ||
|---|---|---|---|
| 005 | 20250820160716.0 | ||
| 010 | _aHIN-130252 B-669094 | ||
| 020 |
_a9788121908795 _c395.00 |
||
| 020 |
_a9788121908795 _c595.00 |
||
| 035 | _aB-669094 | ||
| 035 | _aHN-102598 | ||
| 037 | _bRHSP | ||
| 082 | _a954.01 | ||
| 100 |
_aमहाजन, वी.डी. _984133 |
||
| 245 |
_aप्राचीन भारत का इतिहास / _cवी.डी.महाजन |
||
| 260 |
_aनई दिल्ली _bएस.चंद एंड कंपनी _c2016 _c2023 |
||
| 270 |
_a7361, रामनगर _bनई दिल्ली _e110055 _k23672080 _l91-11-23677446 |
||
| 300 |
_a576 पृ. _c25 से.मी.(अजिल्द) |
||
| 942 |
_2ddc _cHN _h954.01 _mमहाज |
||
| 999 |
_c143682 _d143682 |
||